|
|
|
|
| LEADER |
01343nam a2200373 a 4500 |
| 001 |
EBC345359 |
| 003 |
MiAaPQ |
| 005 |
20200520144314.0 |
| 006 |
m o d | |
| 007 |
cr cn||||||||| |
| 008 |
720706s1966 mnua sb 001 0 eng d |
| 010 |
|
|
|z 66018868
|
| 015 |
|
|
|a GB67-13749
|
| 020 |
|
|
|z 9780816603961
|
| 020 |
|
|
|z 9780816663996
|
| 035 |
|
|
|a (MiAaPQ)EBC345359
|
| 035 |
|
|
|a (Au-PeEL)EBL345359
|
| 035 |
|
|
|a (CaPaEBR)ebr10231245
|
| 035 |
|
|
|a (CaONFJC)MIL526036
|
| 035 |
|
|
|a (OCoLC)476161636
|
| 040 |
|
|
|a MiAaPQ
|c MiAaPQ
|d MiAaPQ
|
| 043 |
|
|
|a e-yu---
|
| 050 |
|
4 |
|a HC407.Y6
|b P32 1966
|
| 082 |
0 |
4 |
|a 330.9497
|
| 100 |
1 |
|
|a Pejovich, Svetozar.
|
| 245 |
1 |
4 |
|a The market-planned economy of Yugoslavia
|h [electronic resource] /
|c by Svetozar Pejovich.
|
| 260 |
|
|
|a Minneapolis :
|b University of Minnesota Press,
|c [1966]
|
| 300 |
|
|
|a xii, 160 p. :
|b ill.
|
| 504 |
|
|
|a Bibliographical references included in "Notes" (p. [151]-156) and index.
|
| 533 |
|
|
|a Electronic reproduction. Ann Arbor, MI : ProQuest, 2015. Available via World Wide Web. Access may be limited to ProQuest affiliated libraries.
|
| 651 |
|
0 |
|a Yugoslavia
|x Economic policy
|y 1945-1992.
|
| 655 |
|
4 |
|a Electronic books.
|
| 710 |
2 |
|
|a ProQuest (Firm)
|
| 856 |
4 |
0 |
|u https://ebookcentral.proquest.com/lib/matrademy/detail.action?docID=345359
|z Click to View
|